| 000 | 01231nam a2200349 a 4500 | ||
|---|---|---|---|
| 001 | ebr2004483 | ||
| 003 | CaPaEBR | ||
| 006 | m u | ||
| 007 | cr cn||||||||| | ||
| 008 | 001109s2000 enk sb 001 0 eng | ||
| 015 | _aGBA0-70065 | ||
| 016 | 7 |
_a0333687345 _2Uk |
|
| 020 | _z0333687345 | ||
| 020 | _z0333687353(pbk.) | ||
| 020 | _z0312228864 | ||
| 020 | _z0312228872 | ||
| 040 |
_aCaPaEBR _cCaPaEBR |
||
| 035 | _a(OCoLC)70737834 | ||
| 050 | 1 | 4 |
_aPS2124 _b.T26 2000eb |
| 082 | 0 | 4 |
_a813.4 _221 |
| 100 | 1 | _aTambling, Jeremy. | |
| 245 | 1 | 0 |
_aHenry James _h[electronic resource] / _cJeremy Tambling. |
| 260 |
_aLondon : _bMacmillan, _c2000. |
||
| 300 | _axi, 249 p. | ||
| 490 | 0 | _aCritical issues series | |
| 504 | _aIncludes bibliographical references and index. | ||
| 533 |
_aElectronic reproduction. _bPalo Alto, Calif. : _cebrary, _d2013. _nAvailable via World Wide Web. _nAccess may be limited to ebrary affiliated libraries. |
||
| 600 | 1 | 0 |
_aJames, Henry, _d1843-1916 _xCriticism and interpretation. |
| 655 | 7 |
_aElectronic books. _2local |
|
| 710 | 2 | _aebrary, Inc. | |
| 856 | 4 | 0 |
_uhttp://site.ebrary.com/lib/rucke/Doc?id=2004483 _zAn electronic book accessible through the World Wide Web; click to view |
| 999 |
_c225963 _d225963 |
||